000 00841nam a22002177a 4500
001 49828
003 BD-RjUL
005 20211209054732.0
008 160822s1986 bg ||||| |||| 00| 0 ben d
035 _a(BD-RjUL)49948
040 _aBD-RjUL
_bben
_cBD-RjUL
041 _aben
082 _223
_a580.3
_bAHU 1986
100 _aআহমেদ, সামসুদ্দিন
_9149349
245 1 0 _aউদ্ভিদবিদ্যা শব্দকোষ /
_cসামসুদ্দিন আহমেদ
260 _aঢাকা :
_bবাংলা একাডেমী,
_c১৯৮৬ [১৩৯৩]
300 _a৪২৭ পৃ. :
_bচিত্র ;
_c২১ সেমি.
650 _aউদ্ভিদবিজ্ঞান
_vঅভিধান
_9178497
650 _aBotany
_vDictionaries
_9178498
942 _2ddc
_cREF
999 _c49828
_d49828